000 00545nam a22001457a 4500
003 MACL
005 20200308131453.0
008 200308b xxu||||| |||| 00| 0 eng d
040 _cMACL
100 _aजाखड,डॉ.कृष्‍णा
_978584
245 _aप्रभा खेतान के साहित्‍य में नारी विमर्श
260 _aजोधपुर
_bराजस्‍थानी ग्रंथागार
_c2016
650 _aनारी विमर्श
_965036
942 _2ddc
_cHIN
999 _c62341
_d62341